<?xml version="1.0" encoding="UTF-8"?>
<record
    xmlns:xsi="http://www.w3.org/2001/XMLSchema-instance"
    xsi:schemaLocation="http://www.loc.gov/MARC21/slim http://www.loc.gov/standards/marcxml/schema/MARC21slim.xsd"
    xmlns="http://www.loc.gov/MARC21/slim">

  <leader>01086nam a22002297a 4500</leader>
  <controlfield tag="005">20170123164140.0</controlfield>
  <datafield tag="010" ind1=" " ind2=" ">
    <subfield code="a">B-125135</subfield>
  </datafield>
  <datafield tag="020" ind1=" " ind2=" ">
    <subfield code="a">817510158</subfield>
    <subfield code="c">175.00</subfield>
  </datafield>
  <datafield tag="035" ind1=" " ind2=" ">
    <subfield code="a">B-125135</subfield>
  </datafield>
  <datafield tag="040" ind1=" " ind2=" ">
    <subfield code="a">DPL</subfield>
    <subfield code="b">PN</subfield>
  </datafield>
  <datafield tag="082" ind1=" " ind2=" ">
    <subfield code="a">260.35</subfield>
    <subfield code="b"> &#xA1C;&#xA38;&#xA2A;&#xA3E;</subfield>
  </datafield>
  <datafield tag="100" ind1=" " ind2=" ">
    <subfield code="a">  &#xA1C;&#xA38;&#xA2A;&#xA3E;&#xA32; , &#xA2A;&#xA4D;&#xA30;&#xA24;&#xA3E;&#xA2A; &#xA38;&#xA3F;&#xA70;&#xA18; </subfield>
    <subfield code="9">15698</subfield>
  </datafield>
  <datafield tag="245" ind1=" " ind2=" ">
    <subfield code="a"> &#xA38;&#xA2E;&#xA71;&#xA38;&#xA24; &#xA07;&#xA32;&#xA3E;&#xA39;&#xA40; &#xA1C;&#xA4B;&#xA24; &#xA2C;&#xA3E;&#xA2C;&#xA3E; &#xA28;&#xA70;&#xA26; &#xA38;&#xA3F;&#xA70;&#xA18; &#xA1C;&#xA40; &#xA2E;&#xA39;&#xA3E;&#xA30;&#xA3E;&#xA1C; /</subfield>
    <subfield code="c">&#xA2A;&#xA4D;&#xA24;&#xA3E;&#xA2A; &#xA38;&#xA3F;&#xA70;&#xA18; &#xA1C;&#xA38;&#xA2A;&#xA3E;&#xA32;</subfield>
  </datafield>
  <datafield tag="246" ind1=" " ind2=" ">
    <subfield code="a">Smast ilahi jot baba nand singh ji maharaj</subfield>
    <subfield code="b">by Partap singh jaspal</subfield>
  </datafield>
  <datafield tag="260" ind1=" " ind2=" ">
    <subfield code="a">&#xA1A;&#xA70;&#xA21;&#xA40;&#xA17;&#xA5C;</subfield>
    <subfield code="b">&#xA2A;&#xA4D;&#xA24;&#xA24;&#xA3E;&#xA2A; &#xA38;&#xA3F;&#xA70;&#xA18; &#xA1C;&#xA38;&#xA2A;&#xA3E;&#xA32;</subfield>
  </datafield>
  <datafield tag="270" ind1=" " ind2=" ">
    <subfield code="a">203, &#xA38;&#xA48;&#xA48;&#xA15;&#xA1F;&#xA30; 33 &#xA0F;</subfield>
    <subfield code="b">&#xA1A;&#xA70;&#xA21;&#xA40;&#xA17;&#xA5C;</subfield>
    <subfield code="e">147002</subfield>
  </datafield>
  <datafield tag="300" ind1=" " ind2=" ">
    <subfield code="a">129p.</subfield>
    <subfield code="c">22(Hb)</subfield>
  </datafield>
  <datafield tag="650" ind1=" " ind2=" ">
    <subfield code="a">&#xA2A;&#xA70;&#xA1C;&#xA3E;&#xA2C;&#xA40; &#xA38;&#xA3E;&#xA39;&#xA3F;&#xA24;   </subfield>
    <subfield code="9">779</subfield>
  </datafield>
  <datafield tag="650" ind1=" " ind2=" ">
    <subfield code="a">&#xA2A;&#xA70;&#xA1C;&#xA3E;&#xA2C;&#xA40; &#xA38;&#xA3E;&#xA39;&#xA3F;&#xA24; -  &#xA30;&#xA41;&#xA39;&#xA3E;&#xA28;&#xA40; &#xA06;&#xA27;&#xA3E;&#xA30;&#xA3F;&#xA24;  &#xA38;&#xA3F;&#xA71;&#xA16; &#xA27;&#xA30;&#xA2E; &#xA1C;&#xA40;&#xA35;&#xA28;</subfield>
    <subfield code="9">13179</subfield>
  </datafield>
  <datafield tag="650" ind1=" " ind2=" ">
    <subfield code="a">Punjabi Literature-Spiritual and Sikh religon life</subfield>
    <subfield code="9">13180</subfield>
  </datafield>
  <datafield tag="942" ind1=" " ind2=" ">
    <subfield code="2">ddc</subfield>
    <subfield code="c">PN</subfield>
    <subfield code="h">260.35</subfield>
    <subfield code="m"> &#xA1C;&#xA38;&#xA2A;&#xA3E;</subfield>
  </datafield>
  <datafield tag="999" ind1=" " ind2=" ">
    <subfield code="c">109635</subfield>
    <subfield code="d">109635</subfield>
  </datafield>
  <datafield tag="952" ind1=" " ind2=" ">
    <subfield code="0">0</subfield>
    <subfield code="1">0</subfield>
    <subfield code="4">0</subfield>
    <subfield code="7">0</subfield>
    <subfield code="a">L</subfield>
    <subfield code="b">L</subfield>
    <subfield code="d">2015-06-02</subfield>
    <subfield code="e">Cen Lib / Ret</subfield>
    <subfield code="g">175.00</subfield>
    <subfield code="l">1</subfield>
    <subfield code="o">260.35  &#xA1C;&#xA38;&#xA2A;&#xA3E;</subfield>
    <subfield code="p">B-125135</subfield>
    <subfield code="r">2019-07-08 00:00:00</subfield>
    <subfield code="s">2018-12-03</subfield>
    <subfield code="t">1</subfield>
    <subfield code="v">175.00</subfield>
    <subfield code="w">2016-09-15</subfield>
    <subfield code="y">PN</subfield>
  </datafield>
</record>
